00401nam a2200121 a 4500008004100000020001500041050001500056100001300071245010500084260005600189300001700245650001700262151130s2006 ||||||||||||||||| || u a8180616827 aRD 731 Dag aDaga, KP10aFrequently asked questions (FAQs) for postgraduate practical examination in orthopaedicscBy KP Daga aNew DelhibJaypee Brothers Medical publishersc2006 aviii, 239p.: aORTHOPAEDICS